000 01020nam a22002774aa4500
003 BOFEUTO
005 20260512155952.0
008 260504t2025 bo gr 000 f spa d
040 _6BOFEUTO
_aBOFEUTO
_cBOFEUTO
041 _aspa
044 _abo
082 _aTE6301
_bM263m
100 _aMamani Laura, Anahí Veronica
_eautor
245 _aMarketing B2B para la Empresa de Transporte Willmar de la ciudad de Oruro. /
_cAnahí Veronica Mamani Laura, Herrera Lovera Juan Pablo
260 _aOruro :
_bs/n,
_c2025.
300 _a74 hojas ;
_bgráf, ilus. ;
_c28.5 cm.
500 _aIncluye bibliografía, anexos.
502 _aTesis Dirigida, (Licenciatura) -- Universidad Técnica de Oruro, Facultad de Ciencias Económicas, Financieras y Administrativas, Carrera Administración de Empresas, 2025.
650 _aAdiministración
653 _aMarketing
653 _aInvestigación
653 _aClientes
653 _aFidelización
700 _aHerrera Lovera, Juan Pablo
_eautor
942 _2ddc
_cTE
_n0
999 _c16156
_d16156